000 00308nam a22001337a 4500
008 170619b xxu||||| |||| 00| 0 eng d
020 _a9780761997092
041 _aeng
080 _a329
100 _a20
101 _aSHP
245 _aPOLITICAL PARTIES AND PARTY SYSTEMS
_cMEHRA.A.K
942 _2udc
_cBK
999 _c17992
_d17992